000 00628cam a2200181 i 4500
005 20251120120144.0
008 250721s2000 jo gr 000 0 ara d
082 1 4 _a211
_bف ت ي
100 1 _aالفتياني، خالد إبراهيم
_eمؤلف.
245 1 0 _aمحاضرات في علوم القرآن /
_cتأليف خالد ابراهيم الفتياني.
250 _aالطبعة الثالثة.
264 3 1 _aعمان :
_bدار عمار،
_c2000.
300 _a246 صفحة.
650 1 7 _aالقرآن الكريم.
650 1 7 _aالعلوم القرآنية.
942 _2ddc
_cBK
999 _c74136
_d74136